[Event "Veliko Gradiste Silver Lake op-A"]
[Site "Veliko Gradiste"]
[Date "2023.06.24"]
[Round "8"]
[White "Swapna, CN."]
[Black "Djokic, Mihailo"]
[Result "0-1"]
[WhiteElo "1793"]
[BlackElo "2192"]
[PlyCount "58"]
[EventDate "2023.06.18"]
[EventType "swiss"]
[EventRounds "9"]
[EventCountry "SRB"]
[SourceTitle "CBM 215 Extra"]
[Source "ChessBase"]
[SourceDate "2023.09.30"]
[SourceVersion "1"]
[SourceVersionDate "2023.09.30"]
[SourceQuality "1"]

1. d4 Nf6 2. Nf3 g6 3. Bg5 Bg7 4. Nbd2 0-0 5. c3 d6 6. e4 c5 7. h3 cxd4 8. cxd4 Nc6 9. Be2 Qa5 10. Bxf6 Bxf6 11. d5 Nd4 12. Nxd4 Bxd4 13. Qc2 Qb6 14. Nc4 Qb4+ 15. Kf1 b5 16. Nd2 Qxb2 17. Qxb2 Bxb2 18. Rb1 Bc3 19. Nf3 a6 20. g4 b4 21. Rd1 a5 22. Nd4 Bxd4 23. Rxd4 Bd7 24. Kg2 Rfc8 25. Bd1 Rc3 26. Re1 e5 27. dxe6 Bxe6 28. Re2 Ra3 29. Rxd6 Bxa2 0-1

[Event "Veliko Gradiste Silver Lake op-A"]
[Site "Veliko Gradiste"]
[Date "2023.06.22"]
[Round "6"]
[White "Stojanov, Alexandar"]
[Black "Swapna, CN."]
[Result "1/2-1/2"]
[WhiteElo "2136"]
[BlackElo "1793"]
[PlyCount "47"]
[EventDate "2023.06.18"]
[EventType "swiss"]
[EventRounds "9"]
[EventCountry "SRB"]
[SourceTitle "CBM 215 Extra"]
[Source "ChessBase"]
[SourceDate "2023.09.30"]
[SourceVersion "1"]
[SourceVersionDate "2023.09.30"]
[SourceQuality "1"]

1. e4 c5 2. Nf3 Nc6 3. Bb5 e6 4. 0-0 Nge7 5. d4 cxd4 6. Nxd4 Qb6 7. Bxc6 Nxc6 8. Nxc6 bxc6 9. c4 Ba6 10. Qc2 Qd4 11. b3 d5 12. exd5 cxd5 13. Be3 Qe5 14. Nd2 Bd6 15. Nf3 Qh5 16. Qd2 0-0 17. Qa5 Bb7 18. Rad1 Rfc8 19. h3 Bc7 20. Qb4 Bc6 21. cxd5 Bxd5 22. Qg4 Bxf3 23. Qxf3 Qxf3 24. gxf3 1/2-1/2